|
|
|
|
| LEADER |
03952cam a2200397 a 4500 |
| 001 |
00357204 |
| 003 |
GR-PaULI |
| 008 |
120919s2010 gr b 001 0 gre|c |
| 020 |
|
|
|a 9789604613410
|q (χαρτόδ.)
|
| 040 |
|
|
|a GrPaTEI
|b gre
|c GR-PaULI
|
| 050 |
|
0 |
|a HM851
|b .A78 2010
|
| 082 |
0 |
4 |
|a 303.4833
|2 23
|
| 100 |
1 |
|
|a Αρσένης, Σπύρος Δ.
|
| 245 |
1 |
0 |
|a Διαδίκτυο και κοινωνικές επιστήμες :
|b τεχνικές, τεχνολογικές και συστημικές προσεγγίσεις /
|c Σπύρος Δ. Αρσένης.
|
| 260 |
|
|
|a Αθήνα :
|b Κλειδάριθμος,
|c c2010.
|
| 300 |
|
|
|a 351 σ. :
|b εικ., πίν., σχεδγρ. ;
|c 24 εκ.
|
| 504 |
|
|
|a Περιλαμβάνει βιβλιογραφικές παραπομπές (σ. [331]-344) και ευρετήριο.
|
| 505 |
0 |
|
|a Εισαγωγή -- 1. Βασικές έννοιες διαδικτύου -- 2. Οι διαδικτυακές υπηρεσίες -- 3. Τα χαρακτηριστικά του διαδικτυακού περιβάλλοντος -- 4. Αυτοπροσδιορισμός χρηστών και αντίληψη του διαδικτυακού περιβάλλοντος -- 5. Χειραγώγηση και εθισμός στο διαδίκτυο -- 6. Εργασία, δυνητική οργάνωση και ιστοκουλτούρα -- 7. Ιστοσελίδες και ιστολόγια -- 8. Υπηρεσίες κοινωνικής δικτύωσης -- 9. Περιβάλλον δυνητικής πραγματικότητας -- 10. Πολιτική επικοινωνία στο διαδίκτυο -- 11. Κανονιστικό πλαίσιο χρήσης διαδικτύου -- Παράρτημα: Οδηγίες διαδικτυακής δεοντολογίας -- Βιβλιογραφία -- Ευρετήριο.
|
| 610 |
2 |
4 |
|a Τμήμα Μηχανικών Πληροφορικής Τ.Ε. (Αντίρριο)
|
| 650 |
|
0 |
|a Internet
|x Social aspects.
|
| 650 |
|
4 |
|a Αλληλεπίδραση ανθρώπου-υπολογιστή.
|
| 650 |
|
4 |
|a Διαδίκτυο (Internet)
|x Κοινωνική θεώρηση.
|
| 650 |
|
4 |
|a Διαδίκτυο
|x Κοινωνική θεώρηση.
|
| 650 |
|
4 |
|a Διαδίκτυο
|x Ψυχολογικές απόψεις.
|
| 650 |
|
7 |
|a Διαδίκτυο (Internet)
|2 nlgaf
|
| 650 |
|
7 |
|a Διαδίκτυο (Internet)
|x Κοινωνικές απόψεις
|2 nlgaf
|
| 650 |
|
7 |
|a Διαδίκτυο (Internet)
|x Ψυχολογικές απόψεις
|2 nlgaf
|
| 650 |
|
7 |
|a Διαδίκτυο
|x Κοινωνικές απόψεις.
|2 lcsh/gre
|
| 653 |
|
0 |
|a Δυνητική πραγματικότητα,
|a Second life,
|a Κοινωνική δικτύωση,
|a Διαδικτυακές ταυτότητες,
|a Πολιτική επικοινωνία,
|a Ακτιβισμός,
|a Κανονιστικό πλαίσιο,
|a Διαδικτυακή δεοντολογία.
|
| 942 |
|
|
|2 ddc
|
| 952 |
|
|
|0 0
|1 0
|2 ddc
|4 0
|6 303_483300000000000_ΑΡΣ
|7 0
|9 253135
|a LISK-2
|b LISK-2
|c EUD
|d 2021-01-17
|e 24
|f 0
|g 0.00
|l 0
|o 303.4833 ΑΡΣ
|p 2430000009422
|r 2021-01-17 00:00:00
|t 1
|w 2021-01-17
|y BK15
|x 20141111 0 ΧΑΣΑΝΗ 1
|x GrPaTEI - Antirrio
|
| 952 |
|
|
|0 0
|1 0
|2 ddc
|4 0
|6 303_483300000000000_ΑΡΣ
|7 0
|9 253136
|a LISK-2
|b LISK-2
|c EUD
|d 2021-01-17
|e 24
|f 0
|g 0.00
|l 0
|o 303.4833 ΑΡΣ
|p 2430000009456
|r 2021-01-17 00:00:00
|t 1
|w 2021-01-17
|y BK15
|x 20141111 0 ΧΑΣΑΝΗ 1
|x GrPaTEI - Antirrio
|
| 952 |
|
|
|0 0
|1 0
|2 ddc
|4 0
|6 303_483300000000000_ΑΡΣ
|7 0
|9 253137
|a LISK-2
|b LISK-2
|c EUD
|d 2021-01-17
|e 24
|f 0
|g 0.00
|l 0
|o 303.4833 ΑΡΣ
|p 2430000009681
|r 2021-01-17 00:00:00
|t 1
|w 2021-01-17
|y BK15
|x 20160404 0 ΧΑΣΑΝΗ 1
|x GrPaTEI - Antirrio
|
| 952 |
|
|
|0 0
|1 0
|2 ddc
|4 0
|6 303_483300000000000_ΑΡΣ
|7 0
|9 253138
|a LISK-2
|b LISK-2
|c EUD
|d 2021-01-17
|e 24
|f 0
|g 0.00
|l 0
|o 303.4833 ΑΡΣ
|p 99243000009814
|r 2021-01-17 00:00:00
|t 1
|w 2021-01-17
|y BK15
|x GrPaTEI - Antirrio
|
| 971 |
|
|
|a .b23014854
|b 15-04-20
|c 14-09-15
|
| 999 |
|
|
|c 149515
|d 149515
|